Task force on labour relations, study no. 4 Compulsory arbitration in Australia (Record no. 496395)

000 -LEADER
fixed length control field 00355cam a22001097a 4500
008 - FIXED-LENGTH DATA ELEMENTS--GENERAL INFORMATION
fixed length control field 180718b1968 xxu||||| |||| 00| 0 eng d
082 ## - DEWEY DECIMAL CLASSIFICATION NUMBER
Classification number R706x71 C16/ST/4
100 ## - MAIN ENTRY--PERSONAL NAME
Personal name ISAAC, J.E.
245 ## - TITLE STATEMENT
Title Task force on labour relations, study no. 4 Compulsory arbitration in Australia
Statement of responsibility, etc. by J.E. ISAAC
260 ## - PUBLICATION, DISTRIBUTION, ETC.
Place of publication, distribution, etc. Ottawa
Name of publisher, distributor, etc. Privy Council Office
Date of publication, distribution, etc. 1968
300 ## - PHYSICAL DESCRIPTION
Extent v, 84p
Holdings
Withdrawn status Lost status Damaged status Not for loan Permanent Location Current Location Date acquired Full call number Barcode Date last seen Price effective from Koha item type
        Indian Institute of Public Administration Indian Institute of Public Administration 2018-08-04 R706x71 C16/ST/4 G10842 2018-08-04 2018-08-04 G

Powered by Koha